[Event "FRA-ch op-C"]
[Site "Chartres"]
[Date "2005.??.??"]
[Round "6"]
[White "Katzahian, Michel"]
[Black "Jophe, Jacky"]
[Result "0-1"]
[WhiteElo "1638"]
[BlackElo "1700"]
[PlyCount "86"]
[EventDate "2005.08.15"]
[EventType "swiss"]
[EventRounds "11"]
[EventCountry "FRA"]
[SourceTitle "EXT 2006"]
[Source "ChessBase"]
[SourceDate "2005.11.24"]
[SourceVersion "1"]
[SourceVersionDate "2005.11.24"]
[SourceQuality "1"]

1. d4 Nf6 2. c4 e6 3. Nf3 Bb4+ 4. Bd2 Qe7 5. a3 Bxd2+ 6. Nbxd2 a5 7. e4 d6 8. b4 e5 9. d5 b6 10. Be2 0-0 11. 0-0 h6 12. Qc2 Nh7 13. Bd3 g5 14. h3 g4 15. hxg4 Bxg4 16. Nh2 Qg5 17. Ndf3 Qg7 18. Nxg4 Qxg4 19. Nh2 Qg5 20. c5 bxc5 21. bxc5 Nd7 22. c6 Nc5 23. Be2 f5 24. Bd3 fxe4 25. Bxe4 Nf6 26. Bd3 Kh8 27. Bc4 Rg8 28. f3 Rg7 29. Ra2 Nh5 30. Rd1 Rag8 31. Qf2 Nf4 32. Kh1 h5 33. Bf1 e4 34. Qe3 exf3 35. Nxf3 Qg3 36. Rdd2 h4 37. Qd4 Nb3 38. Qf6 Nxd2 39. Rxd2 Ng6 40. Rd4 Rf8 41. Rxh4+ Qxh4+ 42. Nxh4 Rxf6 43. Nxg6+ Rfxg6 0-1

[Event "Agneaux St Lo op-B 08th"]
[Site "Agneaux"]
[Date "2004.02.16"]
[Round "4"]
[White "Dionisi, Thomas"]
[Black "Jophe, Jacky"]
[Result "1-0"]
[WhiteElo "1670"]
[BlackElo "1730"]
[PlyCount "107"]
[EventDate "2004.02.14"]
[EventType "swiss"]
[EventRounds "7"]
[EventCountry "FRA"]
[SourceTitle "EXT 2005"]
[Source "ChessBase"]
[SourceDate "2004.11.15"]
[SourceVersion "1"]
[SourceVersionDate "2004.11.15"]
[SourceQuality "1"]

1. e4 c6 2. d4 d5 3. e5 Bf5 4. Nf3 e6 5. Be2 c5 6. c3 Nc6 7. 0-0 h6 8. b3 Qb6 9. a3 cxd4 10. cxd4 Bg4 11. Bb2 Nge7 12. Qd3 Bf5 13. Qb5 Qxb5 14. Bxb5 a6 15. Bxc6+ Nxc6 16. b4 Bd3 17. Rd1 Bc4 18. Nbd2 b5 19. Nxc4 bxc4 20. Bc3 Be7 21. Ne1 0-0 22. f4 Bd8 23. Nf3 Bb6 24. Rab1 Bc7 25. Kh1 f5 26. h4 g6 27. Rb2 Rfb8 28. Rdb1 Rb7 29. Ne1 Rab8 30. Nc2 Bd8 31. g3 Be7 32. a4 Kf7 33. Kg2 g5 34. hxg5 hxg5 35. fxg5 Bxg5 36. Rh1 Kg6 37. Rhb1 Kf7 38. Rh1 Kg6 39. Rhb1 Na7 40. Rh1 Be7 41. Rhb1 Nc8 42. Rh1 Nb6 43. Ra1 Rh8 44. Rba2 Na8 45. Rh1 Rxh1 46. Kxh1 Bg5 47. Kg2 Nb6 48. Ra1 Nd7 49. Rb1 Nb8 50. b5 Bd8 51. bxa6 Ra7 52. Rxb8 Bg5 53. Nb4 Bc1 54. Rb7 1-0

[Event "Agneaux St Lo op-B 08th"]
[Site "Agneaux"]
[Date "2004.02.16"]
[Round "3"]
[White "Jophe, Jacky"]
[Black "Des Bouillons, Louis"]
[Result "1-0"]
[WhiteElo "1730"]
[BlackElo "1500"]
[PlyCount "59"]
[EventDate "2004.02.14"]
[EventType "swiss"]
[EventRounds "7"]
[EventCountry "FRA"]
[SourceTitle "EXT 2005"]
[Source "ChessBase"]
[SourceDate "2004.11.15"]
[SourceVersion "1"]
[SourceVersionDate "2004.11.15"]
[SourceQuality "1"]

1. d4 d5 2. c4 c6 3. Nc3 Nf6 4. Bf4 e6 5. Nf3 Nbd7 6. c5 Be7 7. b4 a6 8. e3 0-0 9. Bd3 b6 10. a4 a5 11. b5 Bb7 12. bxc6 Bxc6 13. Bb5 Bxb5 14. Nxb5 bxc5 15. dxc5 Bxc5 16. 0-0 Ne4 17. Rc1 Rc8 18. Nd2 Ndf6 19. Nb3 Bb4 20. Bc7 Qe7 21. Bxa5 Bxa5 22. Nxa5 Qb4 23. Nc6 Rxc6 24. Rxc6 h6 25. Qd4 Qxd4 26. Nxd4 Ra8 27. Ra1 Nd7 28. Nb3 Rb8 29. Nd4 Ndc5 30. f3 1-0

[Event "FRA-ch op-C"]
[Site "Val d'Isere"]
[Date "2002.??.??"]
[Round "1.4"]
[White "Boutchenik, Anastasia"]
[Black "Jophe, Jacky"]
[Result "1-0"]
[WhiteElo "1440"]
[BlackElo "1700"]
[PlyCount "41"]
[EventDate "2002.08.20"]
[EventType "swiss"]
[EventRounds "11"]
[EventCountry "FRA"]
[SourceTitle "EXT 2003"]
[Source "ChessBase"]
[SourceDate "2002.11.25"]
[SourceVersion "1"]
[SourceVersionDate "2002.11.25"]
[SourceQuality "1"]

1. d4 d5 2. Nf3 Nf6 3. e3 e6 4. Bd3 c6 5. b3 Be7 6. Bb2 b5 7. Nbd2 Bb7 8. Ne5 0-0 9. 0-0 Nbd7 10. f4 Kh8 11. Rf3 Ng8 12. Rh3 Ndf6 13. Ndf3 Ne4 14. Bxe4 dxe4 15. Nd2 c5 16. Qh5 Nh6 17. dxc5 Qxd2 18. Nxf7+ Kg8 19. Nxh6+ gxh6 20. Qxh6 Kf7 21. Qh5+ 1-0